[Event "Ste-Foy - Petrosian"]
[Site "Ste-Foy CAN"]
[Date "2016.04.09"]
[Round "1"]
[White "Labrecque, Rejean"]
[Black "Bahadi, Khalid"]
[Result "0-1"]
[WhiteElo "1792"]
[BlackElo "2018"]
[PlyCount "78"]
[EventDate "2016.04.09"]
[EventType "swiss"]
[EventRounds "5"]
[EventCountry "CAN"]

1. d4 Nf6 2. c4 g6 3. Nc3 Bg7 4. e4 d6 5. f4 O-O 6. Nf3 Nc6 7. Be2 e5 8. d5 Ne7
9. fxe5 dxe5 10. O-O Nd7 11. Be3 f5 12. Ng5 Nf6 13. exf5 gxf5 14. Ne6 Bxe6 15.
dxe6 f4 16. Bc5 Re8 17. Bf3 c6 18. Ne4 Nf5 19. Nxf6+ Qxf6 20. Qd7 b6 21. Qf7+
Qxf7 22. exf7+ Kxf7 23. Bh5+ Ke6 24. Bxe8 Rxe8 25. Bb4 Ne3 26. Rfc1 Rd8 27.
Rab1 Bh6 28. Kf2 e4 29. Rg1 Nxc4 30. Rbc1 Ne5 31. Kf1 f3 32. Re1 f2 33. Kxf2
Nd3+ 34. Kg3 Rg8+ 35. Kh4 Nxe1 36. Rxe1 Rxg2 37. Rxe4+ Kf5 38. Kh3 Rxb2 39. Rc4
Bf4 0-1

[Event "Ste-Foy - Petrosian"]
[Site "Ste-Foy CAN"]
[Date "2016.04.09"]
[Round "1"]
[White "Tremblay, Charles"]
[Black "Sauve, Richard"]
[Result "0-1"]
[WhiteElo "1585"]
[BlackElo "1883"]
[PlyCount "104"]
[EventDate "2016.04.09"]
[EventType "swiss"]
[EventRounds "5"]
[EventCountry "CAN"]

1. c4 e6 2. Nc3 d5 3. d4 c6 4. Nf3 dxc4 5. e4 b5 6. Be2 Bb7 7. O-O Nf6 8. Bg5
Be7 9. Qc2 O-O 10. Rfd1 a6 11. a3 Nbd7 12. Rd2 h6 13. Bf4 Qb6 14. Rad1 Rfd8 15.
Be3 Ng4 16. Bf4 e5 17. Nxe5 Ndxe5 18. h3 Ng6 19. Bg3 Nf6 20. e5 Nd5 21. Nxd5
cxd5 22. Bh5 Nh8 23. f4 g6 24. Bf3 Bc8 25. Qc3 Bf5 26. Qe3 Qe6 27. Kh2 a5 28.
Bf2 b4 29. g4 Bd3 30. f5 gxf5 31. gxf5 Bxf5 32. Rg1+ Kh7 33. h4 Rg8 34. Bg3
bxa3 35. bxa3 Rab8 36. Bd1 Rb1 37. Qc3 Ng6 38. h5 Nh4 39. Rf2 Be4 40. Rgf1 Rg7
41. Qxa5 Nf5 42. Bf4 Bh4 43. Rd2 Bg3+ 44. Bxg3 Rxg3 45. Qc7 Rg7 46. Rdf2 Qe7
47. Qxe7 Nxe7 48. a4 Nf5 49. a5 Ne3 50. Rxf7 Nxf1+ 51. Rxf1 c3 52. e6 c2 0-1

[Event "Ste-Foy - Petrosian"]
[Site "Ste-Foy CAN"]
[Date "2016.04.16"]
[Round "2"]
[White "Bahadi, Khalid"]
[Black "Sauve, Richard"]
[Result "0-1"]
[WhiteElo "2018"]
[BlackElo "1883"]
[PlyCount "118"]
[EventDate "2016.04.09"]
[EventType "swiss"]
[EventRounds "5"]
[EventCountry "CAN"]

1. e4 e6 2. d4 d5 3. Nd2 Nf6 4. e5 Nfd7 5. Ndf3 c5 6. c3 Nc6 7. Bb5 Qb6 8. Bxc6
bxc6 9. Ne2 Ba6 10. O-O cxd4 11. cxd4 c5 12. Re1 Bxe2 13. Rxe2 cxd4 14. Nxd4
Bc5 15. Be3 O-O 16. a3 a5 17. Qa4 Nxe5 18. Nf5 Bxe3 19. Ne7+ Kh8 20. Rxe3 Qxb2
21. Rae1 Nc4 22. Rh3 Qd2 23. Rd1 Qg5 24. Qc2 h6 25. Nc6 Rac8 26. Rg3 Qf4 27.
Qc3 Qf6 28. Qxf6 gxf6 29. Nd4 Rg8 30. Rh3 Rg6 31. f4 f5 32. Rc1 Kg7 33. Rb3 Kf6
34. Rb5 Rgg8 35. a4 Rb8 36. Rcb1 Rxb5 37. Rxb5 Rc8 38. Nb3 Ra8 39. Kf2 Ra6 40.
Nc5 Rc6 41. Nd7+ Ke7 42. Nc5 Rb6 43. Ke2 Rxb5 44. axb5 Kd6 45. Na4 Kc7 46. Kd3
Nb6 47. Nc3 Kd6 48. Kd4 f6 49. Ne2 e5+ 50. Kd3 a4 51. Kc3 Kc5 52. Ng3 d4+ 53.
Kc2 e4 54. Nxf5 d3+ 55. Kc3 Nd5+ 56. Kb2 e3 57. Ng3 e2 58. Ne4+ Kd4 59. Nd2 Ke3
0-1

[Event "Ste-Foy - Petrosian"]
[Site "Ste-Foy CAN"]
[Date "2016.04.16"]
[Round "2"]
[White "Doyon, Stephane"]
[Black "Chouinard, Etienne"]
[Result "1-0"]
[WhiteElo "1805"]
[BlackElo "1905"]
[PlyCount "53"]
[EventDate "2016.04.09"]
[EventType "swiss"]
[EventRounds "5"]
[EventCountry "CAN"]

1. e4 e5 2. Nf3 Nc6 3. d4 exd4 4. Nxd4 Bc5 5. Nxc6 Qf6 6. Qf3 dxc6 7. Nd2 Be6
8. Nb3 Bb6 9. Be2 O-O-O 10. O-O h5 11. a4 a5 12. Qxf6 gxf6 13. Bf4 Ne7 14. Be3
Ng6 15. Bxb6 cxb6 16. f4 Bxb3 17. cxb3 Rd4 18. Rae1 Re8 19. Bxh5 Rdxe4 20. Rxe4
Rxe4 21. g3 Re3 22. Rf3 Re1+ 23. Kg2 f5 24. Rd3 Kc7 25. h4 Re8 26. Kf2 Rh8 27.
Bf3 1-0

[Event "Ste-Foy - Petrosian"]
[Site "Ste-Foy CAN"]
[Date "2016.04.16"]
[Round "2"]
[White "L'Heureux, Clement"]
[Black "Lessard, Claude"]
[Result "0-1"]
[WhiteElo "1937"]
[BlackElo "2046"]
[PlyCount "108"]
[EventDate "2016.04.09"]
[EventType "swiss"]
[EventRounds "5"]
[EventCountry "CAN"]

1. e4 c6 2. d4 d5 3. e5 c5 4. c3 Nc6 5. Nf3 cxd4 6. cxd4 Bg4 7. Be2 e6 8. O-O
Bxf3 9. Bxf3 Qb6 10. Be3 Nh6 11. Nd2 Nf5 12. Nb3 Be7 13. Qd3 Nb4 14. Qb1 Nxe3
15. fxe3 Rc8 16. Bd1 O-O 17. a3 Nc6 18. Qd3 a5 19. Rc1 a4 20. Bc2 g6 21. Nd2
Na5 22. Bxa4 Qxb2 23. Rb1 Rc3 24. Rxb2 Rxd3 25. Rb5 b6 26. Rb2 Bxa3 27. Rc2 Bb4
28. Nf3 Nc4 29. Bb5 Rc8 30. Rfc1 Rxe3 31. Bxc4 Rxc4 32. Rxc4 dxc4 33. Rxc4 Rb3
34. Rc8+ Kg7 35. Kf1 h6 36. h4 Rb1+ 37. Ke2 Rb2+ 38. Kf1 b5 39. Rc7 Ba5 40. Ra7
Bc3 41. d5 exd5 42. e6 Kf8 43. Rxf7+ Ke8 44. Rd7 b4 45. Rxd5 Ke7 46. Rd7+ Kxe6
47. Rh7 b3 48. Rxh6 Rb1+ 49. Ke2 Kf5 50. h5 b2 51. g4+ Kf4 52. Rxg6 Re1+ 53.
Nxe1 b1=Q 54. Nd3+ Ke4 0-1

[Event "Ste-Foy - Petrosian"]
[Site "Ste-Foy CAN"]
[Date "2016.04.16"]
[Round "2"]
[White "Laflamme, Simon"]
[Black "Caron, Sebastien"]
[Result "0-1"]
[WhiteElo "1835"]
[BlackElo "2019"]
[PlyCount "72"]
[EventDate "2016.04.09"]
[EventType "swiss"]
[EventRounds "5"]
[EventCountry "CAN"]

1. d4 Nf6 2. c4 e6 3. Nc3 c5 4. d5 exd5 5. cxd5 d6 6. e4 g6 7. f4 Bg4 8. Nf3
Bg7 9. Bb5+ Bd7 10. Bxd7+ Nfxd7 11. O-O O-O 12. Bd2 Na6 13. Kh1 Nc7 14. a4 a6
15. a5 Nb5 16. Qa4 Nd4 17. Be1 Re8 18. Bh4 Qc7 19. Rac1 Nb5 20. Nd2 Nxc3 21.
bxc3 b5 22. axb6 Nxb6 23. Qa5 Nxd5 24. Qxc7 Nxc7 25. Nc4 Nb5 26. Nb6 Rab8 27.
Nd5 Rxe4 28. Be7 c4 29. Bf6 Re6 30. f5 Re2 31. Bxg7 Kxg7 32. f6+ Kf8 33. Ra1
Re5 34. Rfd1 h6 35. Rxa6 Rxd5 36. Rxd5 Nc7 0-1

[Event "Ste-Foy - Petrosian"]
[Site "Ste-Foy CAN"]
[Date "2016.04.23"]
[Round "3"]
[White "Caron, Sebastien"]
[Black "Dube, Daniel"]
[Result "1/2-1/2"]
[WhiteElo "2019"]
[BlackElo "1855"]
[PlyCount "102"]
[EventDate "2016.04.09"]
[EventType "swiss"]
[EventRounds "5"]
[EventCountry "CAN"]

1. e4 c5 2. Nf3 Nc6 3. d4 cxd4 4. Nxd4 e5 5. Nb5 a6 6. N5c3 d6 7. Nd5 Nf6 8.
Nbc3 Be6 9. Be3 Bxd5 10. Nxd5 Nxd5 11. Qxd5 Be7 12. c3 O-O 13. Qb3 b5 14. Qd5
Rc8 15. a4 Bg5 16. Bxg5 Qxg5 17. axb5 Ne7 18. Qd2 Qxd2+ 19. Kxd2 axb5 20. Bxb5
Rb8 21. Ra5 f5 22. Ke3 fxe4 23. Bc4+ d5 24. Bxd5+ Nxd5+ 25. Rxd5 Rxb2 26. Rf1
Rc8 27. Kxe4 Rxc3 28. Kxe5 Re2+ 29. Kf4 Rcc2 30. Kg3 Rc3+ 31. Kf4 Rcc2 32. Kf3
Red2 33. Rxd2 Rxd2 34. h4 Kf7 35. Ra1 Rd7 36. Ra5 Rb7 37. g4 h6 38. Ra4 g6 39.
Rf4+ Kg7 40. Rd4 Re7 41. Rd6 Rf7+ 42. Kg3 g5 43. h5 Rf4 44. Rg6+ Kh7 45. f3 Rb4
46. Re6 Rb7 47. Rg6 Rb4 48. Kf2 Rb2+ 49. Ke3 Rb3+ 50. Ke4 Rb4+ 51. Kd5 Rf4
1/2-1/2

[Event "Ste-Foy - Petrosian"]
[Site "Ste-Foy CAN"]
[Date "2016.04.23"]
[Round "3"]
[White "Chouinard, Etienne"]
[Black "Bahadi, Khalid"]
[Result "0-1"]
[WhiteElo "1905"]
[BlackElo "2018"]
[PlyCount "20"]
[EventDate "2016.04.09"]
[EventType "swiss"]
[EventRounds "5"]
[EventCountry "CAN"]

1. e4 d6 2. d4 Nf6 3. Nc3 g6 4. Be3 Bg7 5. Qd2 Ng4 6. Bf4 Nc6 7. f3 e5 8. dxe5
Ngxe5 9. Bb5 O-O 10. Bh6 Qh4+ 0-1

[Event "Ste-Foy - Petrosian"]
[Site "Ste-Foy CAN"]
[Date "2016.04.23"]
[Round "3"]
[White "Labrecque, Rejean"]
[Black "Oliver, Vance"]
[Result "1-0"]
[WhiteElo "1792"]
[BlackElo "1559"]
[PlyCount "97"]
[EventDate "2016.04.09"]
[EventType "swiss"]
[EventRounds "5"]
[EventCountry "CAN"]

1. d4 d6 2. Nf3 Nf6 3. c4 g6 4. Nc3 Bg7 5. e4 c5 6. dxc5 Qa5 7. Bd2 Qxc5 8. Be2
Nc6 9. O-O O-O 10. Be3 Qa5 11. h3 Bd7 12. a3 a6 13. b4 Qc7 14. Rc1 Rac8 15. Nd5
Qb8 16. Nb6 Rcd8 17. b5 Nxe4 18. bxc6 Bxc6 19. Nd4 Qc7 20. Nd5 Bxd5 21. cxd5
Qa5 22. Bf3 Qxd5 23. Rc7 e5 24. Nb3 Qxd1 25. Rxd1 Nc3 26. Rxc3 e4 27. Bd4 exf3
28. Bxg7 Kxg7 29. Rxf3 Rfe8 30. Rfd3 Re2 31. Nc5 Rb2 32. Rxd6 Rxd6 33. Rxd6 Rb5
34. Na4 Rb3 35. Rb6 Rxb6 36. Nxb6 Kf6 37. Kf1 Ke6 38. Ke2 Kd6 39. Kd3 Kc6 40.
Nc4 Kc5 41. Ne5 f5 42. Nd7+ Kd6 43. Nf8 b5 44. Kc3 Kc5 45. Nxh7 a5 46. Nf8 b4+
47. axb4+ axb4+ 48. Kb3 g5 49. Ne6+ 1-0

[Event "Ste-Foy - Petrosian"]
[Site "Ste-Foy CAN"]
[Date "2016.04.23"]
[Round "3"]
[White "Lessard, Claude"]
[Black "Skakni, Ismael"]
[Result "1-0"]
[WhiteElo "2046"]
[BlackElo "1794"]
[PlyCount "38"]
[EventDate "2016.04.09"]
[EventType "swiss"]
[EventRounds "5"]
[EventCountry "CAN"]

1. d4 d5 2. e4 dxe4 3. f3 Nf6 4. Nc3 exf3 5. Nxf3 e6 6. Bd3 Be7 7. O-O O-O 8.
Ne4 Nbd7 9. c3 Nxe4 10. Bxe4 Nf6 11. Bc2 b6 12. Ng5 g6 13. Nf3 Bb7 14. Bh6 Re8
15. Ne5 Qd5 16. Qe2 c5 17. Bg5 Kg7 18. Rf4 h6 19. Bxf6+ Bxf6 1-0

[Event "Ste-Foy - Petrosian"]
[Site "Ste-Foy CAN"]
[Date "2016.04.23"]
[Round "3"]
[White "Sauve, Richard"]
[Black "Doyon, Stephane"]
[Result "1/2-1/2"]
[WhiteElo "1883"]
[BlackElo "1805"]
[PlyCount "121"]
[EventDate "2016.04.09"]
[EventType "swiss"]
[EventRounds "5"]
[EventCountry "CAN"]

1. d4 d5 2. c4 c6 3. e3 Nf6 4. Nc3 e6 5. Nf3 Nbd7 6. Qc2 Bd6 7. Bd3 O-O 8. O-O
Re8 9. e4 dxe4 10. Nxe4 Nxe4 11. Bxe4 Nf6 12. Bd3 e5 13. dxe5 Bxe5 14. Nxe5
Rxe5 15. Bf4 Re8 16. Bg5 h6 17. Bh4 Qd4 18. Bxf6 Qxf6 19. Rfe1 Bg4 20. h3 Bh5
21. Qd2 Bg6 22. Bxg6 fxg6 23. Qd7 Rxe1+ 24. Rxe1 Qxb2 25. Re7 Rf8 26. Qxb7
Qxf2+ 27. Kh2 Qf4+ 28. Kh1 Qd4 29. Re1 Qxc4 30. Qxa7 Rf1+ 31. Rxf1 Qxf1+ 32.
Kh2 Qf4+ 33. Kg1 Qc1+ 34. Kh2 c5 35. a4 Qf4+ 36. Kg1 c4 37. Qc5 Qc1+ 38. Kh2 c3
39. Qc4+ Kh7 40. a5 c2 41. a6 Qd2 42. a7 c1=Q 43. Qxc1 Qxc1 44. a8=Q Qf4+ 45.
Kg1 g5 46. Qc8 h5 47. Qc2+ Kh6 48. Qc6+ Qf6 49. Qe4 Qb6+ 50. Kh2 Qc7+ 51. Kg1
Qc1+ 52. Kf2 Qf4+ 53. Qf3 Kg6 54. Ke2 Qxf3+ 55. Kxf3 Kf5 56. g3 g4+ 57. hxg4+
hxg4+ 58. Ke3 Ke5 59. Kd3 Kd5 60. Ke3 Ke5 61. Kd3 1/2-1/2

[Event "Ste-Foy - Petrosian"]
[Site "Ste-Foy CAN"]
[Date "2016.04.23"]
[Round "3"]
[White "Tremblay, Charles"]
[Black "Sarra-Bournet, Marc"]
[Result "0-1"]
[WhiteElo "1585"]
[BlackElo "1875"]
[PlyCount "104"]
[EventDate "2016.04.09"]
[EventType "swiss"]
[EventRounds "5"]
[EventCountry "CAN"]

1. c4 e5 2. Nc3 Nf6 3. Nf3 Nc6 4. g3 d5 5. cxd5 Nxd5 6. Bg2 Be6 7. O-O Be7 8.
b3 O-O 9. Bb2 f6 10. a3 Qd7 11. Qc2 Rad8 12. Rad1 Na5 13. b4 Nc4 14. Bc1 a5 15.
d3 Nxc3 16. Qxc3 axb4 17. axb4 Qa4 18. Bd2 Nxd2 19. Nxd2 c6 20. Rb1 Rd4 21. Nc4
Rfd8 22. Nb6 Qb5 23. Nc4 Bxc4 24. dxc4 Rxc4 25. Qb3 Kf8 26. Qf3 Rxb4 27. Qf5 g6
28. Rxb4 Qxb4 29. Qh3 h5 30. Qe6 Rd6 31. Qc8+ Kf7 32. Qh8 Bf8 33. f4 Bg7 34.
Qc8 Qb6+ 35. Kh1 Rd8 36. Qh3 exf4 37. gxf4 f5 38. e4 Qb5 39. exf5 Qxf5 40. Qb3+
Kf8 41. Qxb7 c5 42. Qc7 Bf6 43. Qc6 Rd4 44. Rc1 Be7 45. Qa8+ Kg7 46. Re1 Bf8
47. Qb7+ Kh6 48. Be4 Qxf4 49. Qc6 Bd6 50. Kg1 Qxh2+ 51. Kf1 Rd2 52. Bg2 Bg3 0-1

[Event "Ste-Foy - Petrosian"]
[Site "Ste-Foy CAN"]
[Date "2016.04.30"]
[Round "4"]
[White "Bahadi, Khalid"]
[Black "Dube, Daniel"]
[Result "1-0"]
[WhiteElo "2018"]
[BlackElo "1855"]
[PlyCount "49"]
[EventDate "2016.04.09"]
[EventType "swiss"]
[EventRounds "5"]
[EventCountry "CAN"]

1. e4 c5 2. Nf3 Nc6 3. d4 cxd4 4. Nxd4 e5 5. Nb3 Nf6 6. Nc3 h6 7. Bc4 Bb4 8.
O-O Bxc3 9. bxc3 O-O 10. Ba3 Re8 11. f4 Na5 12. Bd5 Nxd5 13. Qxd5 Nc6 14. fxe5
Nxe5 15. Bd6 Qg5 16. Rf5 Qe3+ 17. Kh1 Ng4 18. Qxf7+ Kh7 19. Qxe8 Nf2+ 20. Rxf2
Qxf2 21. Nd4 b6 22. Nf5 Qd2 23. Ne7 Bb7 24. Qg6+ Kh8 25. Be5 1-0

[Event "Ste-Foy - Petrosian"]
[Site "Ste-Foy CAN"]
[Date "2016.04.30"]
[Round "4"]
[White "Doyon, Stephane"]
[Black "Caron, Sebastien"]
[Result "1-0"]
[WhiteElo "1805"]
[BlackElo "2019"]
[PlyCount "93"]
[EventDate "2016.04.09"]
[EventType "swiss"]
[EventRounds "5"]
[EventCountry "CAN"]

1. e4 e6 2. d4 d5 3. Nd2 Nf6 4. e5 Nfd7 5. Bd3 c5 6. c3 Nc6 7. Ne2 Qb6 8. Nf3
cxd4 9. cxd4 Be7 10. O-O Nf8 11. a3 a5 12. Qc2 Bd7 13. Rd1 Rc8 14. Qb1 a4 15.
Bg5 Bxg5 16. Nxg5 Nxd4 17. Nxd4 Qxd4 18. Nxf7 Kxf7 19. Bg6+ Nxg6 20. Rxd4 Nxe5
21. f4 Ng4 22. Qd3 Rc7 23. h3 Nf6 24. Re1 Rhc8 25. g4 g6 26. Qe3 Re8 27. Rc1
Rxc1+ 28. Qxc1 Rc8 29. Qe1 Ne4 30. Rd1 Rc2 31. Qh4 Nf6 32. Qh6 Kg8 33. Qg5 Kf7
34. Qe5 Ne4 35. Qh8 Nd2 36. Qxh7+ Kf8 37. Rxd2 Rxd2 38. Qxd7 d4 39. Qc8+ Kf7
40. Qxb7+ Kf6 41. Qb4 Rd1+ 42. Kf2 g5 43. Qf8+ Kg6 44. Qg8+ Kf6 45. Qxg5+ Kf7
46. f5 exf5 47. Qxf5+ 1-0

[Event "Ste-Foy - Petrosian"]
[Site "Ste-Foy CAN"]
[Date "2016.04.30"]
[Round "4"]
[White "Oliver, Vance"]
[Black "Gaudreau, Eric"]
[Result "1-0"]
[WhiteElo "1559"]
[BlackElo "1761"]
[PlyCount "59"]
[EventDate "2016.04.09"]
[EventType "swiss"]
[EventRounds "5"]
[EventCountry "CAN"]

1. e4 e6 2. d3 c5 3. Nd2 Nc6 4. Ngf3 d6 5. g3 Nf6 6. Bg2 Be7 7. O-O O-O 8. c3
Rb8 9. Re1 Bd7 10. d4 cxd4 11. cxd4 d5 12. e5 Ne8 13. Nb3 b6 14. h4 a5 15. Bf4
a4 16. Nc1 Na5 17. b3 a3 18. Nd3 Nc7 19. Ng5 h6 20. Ne4 dxe4 21. Bxe4 Bc6 22.
Qh5 Bxe4 23. Rxe4 Kh7 24. Bd2 f5 25. exf6 Rxf6 26. Ne5 Rf5 27. Qg6+ Kg8 28. Rg4
Bf6 29. Nf7 Qf8 30. Nxh6+ 1-0

[Event "Ste-Foy - Petrosian"]
[Site "Ste-Foy CAN"]
[Date "2016.04.30"]
[Round "4"]
[White "Sarra-Bournet, Marc"]
[Black "L'Heureux, Clement"]
[Result "1/2-1/2"]
[WhiteElo "1875"]
[BlackElo "1937"]
[PlyCount "128"]
[EventDate "2016.04.09"]
[EventType "swiss"]
[EventRounds "5"]
[EventCountry "CAN"]

1. e4 e5 2. Nf3 Nc6 3. Bb5 a6 4. Ba4 Nf6 5. O-O Be7 6. Re1 b5 7. Bb3 d6 8. c3
O-O 9. h3 Na5 10. Bc2 c5 11. d4 Qc7 12. Nbd2 Nd7 13. Nf1 Bf6 14. d5 g6 15. Ne3
Bg7 16. Ng4 f6 17. Nh4 Nb7 18. Nh6+ Kh8 19. Qg4 Bxh6 20. Bxh6 Nb6 21. Qg3 Rg8
22. f4 Nd8 23. fxe5 fxe5 24. Rf1 Nf7 25. Rxf7 Qxf7 26. Rf1 Qe8 27. Qg5 Nd7 28.
Rf6 Qe7 29. Re6 Qf7 30. Rxd6 a5 31. Rxd7 Bxd7 32. Qxe5+ Rg7 33. Nf3 Kg8 34. Ng5
Qe7 35. Qg3 Rf7 36. Nxf7 Qxf7 37. Qd6 Rc8 38. Be3 c4 39. e5 Bf5 40. e6 Qf8 41.
e7 Qf7 42. Bxf5 gxf5 43. Qd8+ Qe8 44. Qxe8+ Rxe8 45. d6 Kf7 46. Bg5 Ke6 47. Bf4
b4 48. cxb4 axb4 49. Kf2 Ra8 50. Ke3 Kd7 51. Kd4 Rxa2 52. Kxc4 Rxb2 53. g3 b3
54. Kc3 Rh2 55. Kxb3 Rxh3 56. Kc4 h5 57. Kd5 Rh1 58. Ke5 h4 59. gxh4 Rxh4 60.
Kxf5 Rh1 61. Kg6 Rf1 62. Be5 Ke8 63. Bf6 Rd1 64. Be5 Rf1 1/2-1/2

[Event "Ste-Foy - Petrosian"]
[Site "Ste-Foy CAN"]
[Date "2016.04.30"]
[Round "4"]
[White "Sauve, Richard"]
[Black "Lessard, Claude"]
[Result "0-1"]
[WhiteElo "1883"]
[BlackElo "2046"]
[PlyCount "34"]
[EventDate "2016.04.09"]
[EventType "swiss"]
[EventRounds "5"]
[EventCountry "CAN"]

1. d4 Nf6 2. c4 c5 3. d5 b5 4. cxb5 e6 5. Nc3 exd5 6. Nxd5 Bb7 7. Nc3 d5 8. e3
d4 9. Nce2 d3 10. Nf4 c4 11. Nf3 Nbd7 12. Bd2 Ne4 13. Rc1 Rc8 14. Qa4 Nxd2 15.
Nxd2 Bd6 16. Qxa7 Nc5 17. Ne6 fxe6 0-1

[Event "Ste-Foy - Petrosian"]
[Site "Ste-Foy CAN"]
[Date "2016.05.07"]
[Round "5"]
[White "Dube, Daniel"]
[Black "Chouinard, Etienne"]
[Result "0-1"]
[WhiteElo "1855"]
[BlackElo "1905"]
[PlyCount "110"]
[EventDate "2016.04.09"]
[EventType "swiss"]
[EventRounds "5"]
[EventCountry "CAN"]

1. e4 e5 2. f4 exf4 3. Nf3 d6 4. Bc4 g5 5. h4 g4 6. Ng5 Nh6 7. d4 f6 8. Ne6
Bxe6 9. Bxe6 Qe7 10. d5 Na6 11. Bxf4 Nc5 12. Nc3 Nxe6 13. dxe6 Qxe6 14. Qd2 Nf7
15. O-O O-O-O 16. Nd5 c6 17. Nxf6 Be7 18. Nh5 Bxh4 19. Qa5 Kb8 20. Ng3 Bxg3 21.
Bxg3 Ne5 22. b3 b6 23. Qc3 Rhf8 24. Rf5 Rxf5 25. exf5 Qxf5 26. Rf1 Qe6 27. a4
Kb7 28. a5 Qd5 29. b4 b5 30. a6+ Kxa6 31. Qa3+ Kb7 32. Ra1 Ra8 33. Qa6+ Kc7 34.
Bf2 Nc4 35. Re1 Qg5 36. Rf1 g3 37. Bxg3 Qxg3 38. Rf7+ Kd8 39. Qa1 Qe3+ 40. Kh1
Qh6+ 41. Kg1 Ne5 42. Rf2 Kc7 43. c4 Rf8 44. Qxa7+ Kd8 45. Qb8+ Ke7 46. Qc7+ Ke6
47. Rxf8 Qxf8 48. cxb5 cxb5 49. Qxh7 Qf7 50. Qh3+ Qf5 51. Qb3+ Nc4 52. Qd1 Qe4
53. Qh5 Qe3+ 54. Kh1 Qe1+ 55. Kh2 Qe5+ 0-1

[Event "Ste-Foy - Petrosian"]
[Site "Ste-Foy CAN"]
[Date "2016.05.07"]
[Round "5"]
[White "L'Heureux, Clement"]
[Black "Sauve, Richard"]
[Result "1/2-1/2"]
[WhiteElo "1937"]
[BlackElo "1883"]
[PlyCount "134"]
[EventDate "2016.04.09"]
[EventType "swiss"]
[EventRounds "5"]
[EventCountry "CAN"]

1. e4 e6 2. Nf3 d5 3. e5 c5 4. b4 cxb4 5. a3 Nc6 6. d4 Qa5 7. Be2 bxa3+ 8. Kf1
Nh6 9. Bd2 Qb6 10. Bc3 Bb4 11. Bxb4 Qxb4 12. Rxa3 O-O 13. c3 Qe7 14. Bd3 f6 15.
Qc2 fxe5 16. Bxh7+ Kh8 17. dxe5 Bd7 18. Bd3 Be8 19. Ra2 Bh5 20. Nbd2 Qf7 21.
Qa4 Nxe5 22. Be2 Nc6 23. Qh4 Ne7 24. Ne5 Bxe2+ 25. Kxe2 Qf5 26. Ndf3 Ng6 27.
Qg3 Qe4+ 28. Kd2 Nxe5 29. Nxe5 Kh7 30. Re1 Qf4+ 31. Qxf4 Rxf4 32. f3 Rf6 33.
Rb1 Nf5 34. Rxb7 Nh4 35. Ke3 a5 36. Rb5 Rf5 37. f4 a4 38. g3 Ng6 39. Nf3 e5 40.
Nxe5 Nxe5 41. fxe5 Rxe5+ 42. Kd4 Rae8 43. Rb4 Re2 44. Rbxa4 R2e4+ 45. Kd3 Re3+
46. Kc2 Rc8 47. Rh4+ Kg8 48. Ra3 Kf7 49. Kd2 Rf3 50. Rf4+ Rxf4 51. gxf4 Rh8 52.
Ra6 Rxh2+ 53. Ke3 Rh4 54. Rd6 Rh3+ 55. Kd4 Rf3 56. Rxd5 Rxf4+ 57. Kd3 Ke6 58.
Rg5 Kf6 59. Rc5 g5 60. Ke3 Rf1 61. Ke2 Rg1 62. c4 g4 63. Kf2 Rc1 64. Rc8 Ke5
65. Kg3 Kd4 66. Rd8+ Kc5 67. Kxg4 Rxc4+ 1/2-1/2

[Event "Ste-Foy - Petrosian"]
[Site "Ste-Foy CAN"]
[Date "2016.05.07"]
[Round "5"]
[White "Lessard, Claude"]
[Black "Doyon, Stephane"]
[Result "1-0"]
[WhiteElo "2046"]
[BlackElo "1805"]
[PlyCount "49"]
[EventDate "2016.04.09"]
[EventType "swiss"]
[EventRounds "5"]
[EventCountry "CAN"]

1. d4 d5 2. e4 c6 3. c4 dxe4 4. Nc3 Nf6 5. f3 e6 6. fxe4 Bb4 7. e5 Ne4 8. Qd3
Nxc3 9. bxc3 Be7 10. Nf3 O-O 11. Be2 b6 12. Qe4 Bb7 13. O-O Nd7 14. Bd3 g6 15.
Bh6 Re8 16. Qf4 Bf8 17. Ng5 f6 18. exf6 Nxf6 19. Bxf8 e5 20. Qh4 Rxf8 21. Rxf6
Rxf6 22. Qxh7+ Kf8 23. Qh8+ Ke7 24. Qg7+ Ke8 25. Bxg6+ 1-0

[Event "Ste-Foy - Petrosian"]
[Site "Ste-Foy CAN"]
[Date "2016.05.07"]
[Round "5"]
[White "Sarra-Bournet, Marc"]
[Black "Bahadi, Khalid"]
[Result "1-0"]
[WhiteElo "1875"]
[BlackElo "2018"]
[PlyCount "115"]
[EventDate "2016.04.09"]
[EventType "swiss"]
[EventRounds "5"]
[EventCountry "CAN"]

1. e4 d6 2. d4 Nf6 3. Nc3 g6 4. f4 Bg7 5. Nf3 O-O 6. Be2 c5 7. d5 Nh5 8. O-O
Bg4 9. Be3 Nd7 10. e5 dxe5 11. fxe5 Nxe5 12. Nxe5 Bxe2 13. Qxe2 Bxe5 14. g4 Nf6
15. Bh6 Bd4+ 16. Kg2 Re8 17. Rad1 Qd7 18. Rf4 Nxd5 19. Nxd5 Qxd5+ 20. Kh3 Qxa2
21. b3 Qb2 22. Rdf1 Rad8 23. Rxf7 Bf6 24. R1xf6 exf6 25. Qc4 Rd5 26. Rf8+ Rxf8
27. Qxd5+ Kh8 28. Bxf8 Qc3+ 29. Qd3 Qxd3+ 30. cxd3 b6 31. Kg3 Kg8 32. Bd6 Kf7
33. Bb8 a5 34. Bc7 b5 35. Bxa5 Ke6 36. Kf3 f5 37. g5 Ke5 38. Bc3+ Kd5 39. Kf4
Ke6 40. Ke3 Kd5 41. h3 Ke6 42. d4 c4 43. bxc4 bxc4 44. Be1 Kd5 45. Bf2 Ke6 46.
Kd2 f4 47. Kc3 Kd5 48. h4 Ke4 49. Kxc4 Kf3 50. d5 Kxf2 51. d6 f3 52. d7 Kg2 53.
d8=Q f2 54. Qd5+ Kg1 55. Qd4 Kg2 56. Qg4+ Kh2 57. Qf3 Kg1 58. Qg3+ 1-0

[Event "Ste-Foy - Polgar"]
[Site "Ste-Foy CAN"]
[Date "2016.05.14"]
[Round "1"]
[White "L'Heureux, Clement"]
[Black "Bouffard, Jonathan"]
[Result "1/2-1/2"]
[WhiteElo "1932"]
[BlackElo "1770"]
[PlyCount "97"]
[EventDate "2016.05.14"]
[EventType "swiss"]
[EventRounds "5"]
[EventCountry "CAN"]

1. e4 e6 2. Nf3 d5 3. e5 c5 4. b4 cxb4 5. a3 Nc6 6. d4 bxa3 7. Bd3 Bd7 8. O-O
Rc8 9. Bxa3 Bxa3 10. Nxa3 a6 11. c3 f6 12. Nh4 Qe7 13. Qh5+ Qf7 14. Qxf7+ Kxf7
15. f4 Nge7 16. Nf3 h6 17. Rfc1 b5 18. Nc2 Ra8 19. Ra3 Ra7 20. Rca1 Rha8 21.
Nd2 Nd8 22. Nb3 Nb7 23. Na5 Nxa5 24. Rxa5 Rc7 25. R1a3 Rac8 26. Rxa6 Rxc3 27.
Nb4 Rxa3 28. Rxa3 Rc1+ 29. Kf2 Rd1 30. Ra7 Ke8 31. Ke2 Rg1 32. Kf3 Rd1 33. g4
Rd2 34. Ra8+ Kf7 35. Ra7 Be8 36. exf6 gxf6 37. h4 Rb2 38. Nc2 Kf8 39. h5 f5 40.
Ra8 fxg4+ 41. Kxg4 Nf5 42. Rc8 Nd6 43. Rb8 Ne4 44. Kh4 Rb3 45. Be2 Nd6 46. Bg4
Rc3 47. Ne1 Ke7 48. Nf3 Rc8 49. Rb6 1/2-1/2

[Event "Ste-Foy - Polgar"]
[Site "Ste-Foy CAN"]
[Date "2016.05.21"]
[Round "2"]
[White "Doyon, Stephane"]
[Black "Laflamme, Simon"]
[Result "1/2-1/2"]
[WhiteElo "1883"]
[BlackElo "1829"]
[PlyCount "74"]
[EventDate "2016.05.14"]
[EventType "swiss"]
[EventRounds "5"]
[EventCountry "CAN"]

1. e4 c6 2. c4 d5 3. exd5 cxd5 4. cxd5 Nf6 5. Bb5+ Nbd7 6. Nc3 a6 7. Qa4 Rb8 8.
Bxd7+ Qxd7 9. Qxd7+ Bxd7 10. d4 g6 11. Bf4 Rd8 12. Nge2 Bf5 13. d6 exd6 14. O-O
Bg7 15. Rfe1 O-O 16. Rac1 Be6 17. Bg5 Rc8 18. Nf4 Rfe8 19. Nxe6 Rxe6 20. Bf4
Nd7 21. Rxe6 fxe6 22. Bxd6 Bxd4 23. Bf4 Bxc3 24. Rxc3 Rxc3 25. bxc3 Kf7 26. Kf1
e5 27. Be3 b5 28. Ke2 Ke6 29. Kd3 Kd5 30. f3 Nb8 31. g4 Nc6 32. Bd2 Na5 33. h4
Nc4 34. Bc1 Nd6 35. Be3 h5 36. gxh5 gxh5 37. Bc1 Nc4 1/2-1/2

[Event "Ste-Foy - Polgar"]
[Site "Ste-Foy CAN"]
[Date "2016.05.21"]
[Round "2"]
[White "Labrecque, Rejean"]
[Black "L'Heureux, Clement"]
[Result "0-1"]
[WhiteElo "1788"]
[BlackElo "1932"]
[PlyCount "116"]
[EventDate "2016.05.14"]
[EventType "swiss"]
[EventRounds "5"]
[EventCountry "CAN"]

1. d4 Nf6 2. c4 c5 3. d5 e6 4. Bg5 exd5 5. cxd5 h6 6. Bxf6 Qxf6 7. Nc3 d6 8.
Nf3 a6 9. e3 g6 10. Be2 Bg7 11. O-O O-O 12. h3 Re8 13. Bd3 b5 14. Rb1 Nd7 15.
e4 Qe7 16. Re1 Ne5 17. Nxe5 Bxe5 18. Qd2 Qh4 19. Ne2 g5 20. Rf1 Bg4 21. Ng3 Bf4
22. Qe1 Bd7 23. Ne2 c4 24. Nxf4 gxf4 25. Bc2 f3 26. Kh2 fxg2 27. Kxg2 Bxh3+ 28.
Kf3 Bxf1 29. Qxf1 Re5 30. Ke3 Rae8 31. Qg2+ Qg5+ 32. Qxg5+ Rxg5 33. Kd4 Rg2 34.
Rf1 f5 35. Bb1 f4 36. b3 cxb3 37. axb3 h5 38. Bc2 Kg7 39. Bd1 h4 40. Bf3 Rh2
41. Bg4 Kf6 42. Be6 Re7 43. Bc8 a5 44. Ba6 b4 45. Be2 Rh3 46. Bc4 Rf3 47. Rh1
h3 48. Rh2 Rg7 49. Bf1 Rh7 50. Bd3 Rc7 51. Bc4 Rc3 52. f3 Rxf3 53. Ra2 Ra7 54.
e5+ dxe5+ 55. Kc5 Rg3 56. d6 Rg2 57. Kb6 Rxa2 58. Kxa7 h2 0-1